Laços de família (Record no. 182165)

MARC details
000 -LÍDER
campo de controle de tamanho fixo 00354 a2200169 4500
001 - NÚMERO DE CONTROLE
campo de controle 182165
020 ## - ISBN - INTERNATIONAL STANDARD BOOK NUMBER
ISBN - International Standard Book Number 85-325-0813-8
040 ## - FONTE DA CATALOGAÇÃO
Instituição que transcreveu o registro Magnum
100 ## - ENTRADA PRINCIPAL--NOME PESSOAL
Nome pessoal Lispector, Clarice
240 10 - TÍTULO UNIFORME
Título uniforme Laços de família
Idioma da obra por
245 10 - TÍTULO
Título Laços de família
300 ## - DESCRIÇÃO FÍSICA
Extensão 135
362 0# - DATAS DE PUBLICAÇÃO E/OU DESIGNAÇÃO SEQUENCIAL
Datas de publicação e/ou designação sequencial 1998
440 #1 - DECLARAÇÃO DE SÉRIE/ENTRADA ADICIONADA--TÍTULO
Título Rocco
697 ## - ENTRADA DE ASSUNTO LOCAL--ENTIDADE COLETIVA (RLIN)
Nome corporativo ou nome da jurisdição LITERATURA GERAL
942 ## - ELEMENTOS DE ENTRADA ADICIONADOS (KOHA)
Tipo de material Koha Livros
Holdings
Situação do descarte Situação das perdas Situação física Não pode ser emprestado Biblioteca de origem Biblioteca atual Data de aquisição Total de empréstimos Número de chamada completo Código de barras Data de último acesso Data do preço efetivo Tipo de material Koha
        Magnum Magnum 08/06/2024   869.4.22 MAG00032747 08/06/2024 08/06/2024 Livros
        Magnum Magnum 08/06/2024   869.4.22 MAG00032748 08/06/2024 08/06/2024 Livros
        Magnum Magnum 08/06/2024   869.4.22 MAG00032749 08/06/2024 08/06/2024 Livros
        Magnum Magnum 08/06/2024   869.4.22 MAG00032750 08/06/2024 08/06/2024 Livros
        Magnum Magnum 08/06/2024   869.4.22 MAG00032751 08/06/2024 08/06/2024 Livros
        Magnum Magnum 08/06/2024   869.4.22 MAG00032752 08/06/2024 08/06/2024 Livros
        Magnum Magnum 08/06/2024   869.4.22 MAG00032753 08/06/2024 08/06/2024 Livros
        Magnum Magnum 08/06/2024   869.4.22 MAG00032754 08/06/2024 08/06/2024 Livros
        Magnum Magnum 08/06/2024   869.4.22 MAG00032755 08/06/2024 08/06/2024 Livros
        Magnum Magnum 08/06/2024   869.4.22 MAG00032756 08/06/2024 08/06/2024 Livros
        Magnum Magnum 08/06/2024   869.4.22 MAG00032757 08/06/2024 08/06/2024 Livros
        Magnum Magnum 08/06/2024   890.3.122 MAG00060434 08/06/2024 08/06/2024 Livros